Statistics for Blue Oyster Cult-(Don't Fear) The Reaper (Lyrics)

Click here to take the quiz!

General Stats

  • This quiz has been taken 106 times
    (81 since last reset)
  • The average score is 183 of 253

Answer Stats

Lyrics% Correct
Do
100%
(Don't)
100%
Don't
100%
Fear
100%
(Fear)
100%
(Reaper)
100%
Reaper
100%
(The)
100%
The
100%
Baby,
92%
Baby
92%
Come
92%
On,
90%
On
90%
And
88%
(And)
88%
They
88%
(They)
88%
(Be)
84%
Be
84%
(No)
84%
(Are)
82%
Are
82%
Go
82%
He
82%
Men
82%
(We)
82%
We
82%
Hand
80%
My
80%
Rain
80%
Sun
80%
(To)
80%
To
80%
Can
78%
(Can)
78%
Seasons
78%
Take
78%
Like
76%
(Like)
76%
Man
76%
Nor
76%
All
75%
But
75%
(Fly)
75%
Fly
75%
Gone
75%
Here
75%
Wind
75%
Wind,
75%
Your
75%
Able
73%
I'm
73%
Now
73%
La,
69%
La
69%
We'll
69%
Have
67%
In
65%
(Juliet)
65%
Juliet
65%
(Romeo)
65%
Romeo
65%
Times
65%
They're
63%
Together
63%
Women
61%
Day
59%
Eternity
59%
Every
59%
Our
59%
She
59%
(She)
59%
Is
57%
Thousand
57%
Of
53%
Forty
51%
(Had)
51%
Had
51%
Done
49%
It
49%
Night
45%
His
43%
One
43%
(Then)
43%
Then
43%
Afraid
41%
Came
41%
Couldn't
41%
Last
41%
Valentine
41%
Him
39%
Two
39%
Was
39%
Blew
37%
Appeared
35%
(Become)
35%
Clear
35%
Coming
35%
Love
35%
Taken
35%
Another
33%
Candles
33%
Door
33%
Ran
33%
Said
33%
Disappeared
31%
Open
31%
Curtains
29%
Flew
29%
Sadness
29%
Saying
29%
(Started)
27%
(Happiness)
25%
Looked
24%
Goodbye
22%
(Redefine)
22%
Backwards
18%

Score Distribution

Percentile by Number Answered

Percent of People with Each Score

Your Score History

You have not taken this quiz since the last reset